[Event "Quebec-ch qual 1"]
[Site "Montreal CAN"]
[Date "2004.04.30"]
[Round "1"]
[White "Julien, Gabi"]
[Black "Sullivan, Neil"]
[Result "0-1"]
[WhiteElo "1720"]
[BlackElo "2191"]
[PlyCount "136"]
[GameId "2160767911158383"]
[EventDate "2004.04.30"]
[EventType "swiss"]
[EventRounds "5"]
[EventCountry "CAN"]

1. e4 c5 2. Nf3 Nc6 3. d4 cxd4 4. Nxd4 g6 5. Nc3 Bg7 6. Be3 Nf6 7. Be2 O-O 8. O-O d5 9. exd5 Nxd5 10. Nxd5 Qxd5 11. Bf3 Qc4 12. Nxc6 bxc6 13. Qd3 Qa4 14. Qe4 Qxe4 15. Bxe4 Ba6 16. Rfd1 Bxb2 17. Rab1 Rad8 18. Bxc6 Bc4 19. Rd7 Rxd7 20. Bxd7 Be5 21. Bxa7 Rd8 22. Bg4 Rd2 23. a4 Rxc2 24. g3 Ra2 25. Bd7 Bd3 26. Rc1 Bc2 27. Bc5 e6 28. Be3 Bxa4 29. Bxa4 Rxa4 30. Bh6 Ra8 31. Rd1 Bg7 32. Bxg7 Kxg7 33. Rd7 h5 34. Kg2 Kf6 35. Rb7 e5 36. Rb4 Ra2 37. h3 Kf5 38. Rb7 f6 39. Rg7 e4 40. Re7 g5 41. g4+ hxg4 42. hxg4+ Kf4 43. Re6 e3 44. Rxe3 Kxg4 45. Re4+ Kh5 46. Re6 f5 47. Rf6 Kg4 48. Rb6 Ra4 49. Rb3 f4 50. Rc3 Kh4 51. Rh3+ Kg4 52. Rc3 Ra8 53. Rb3 Rf8 54. Rf3 Rf7 55. Rb3 f3+ 56. Kg1 Rf4 57. Re3 Kh3 58. Ra3 Rf6 59. Rb3 Kg4 60. Rb4+ Rf4 61. Rb3 Rd4 62. Rb1 Kh3 63. Re1 g4 64. Ra1 Rd2 65. Rb1 g3 66. fxg3 Kxg3 67. Ra1 Rg2+ 68. Kh1 Rh2+ 0-1

[Event "Quebec-ch qual 1"]
[Site "Montreal CAN"]
[Date "2004.04.30"]
[Round "1"]
[White "Masse, Hugues"]
[Black "Rondon, Luciano"]
[Result "1-0"]
[WhiteElo "2253"]
[BlackElo "1722"]
[PlyCount "41"]
[GameId "2160767911158384"]
[EventDate "2004.04.30"]
[EventType "swiss"]
[EventRounds "5"]
[EventCountry "CAN"]

1. d4 d5 2. c4 c6 3. Nf3 Nf6 4. Nc3 dxc4 5. a4 Bf5 6. e3 e6 7. Bxc4 h6 8. O-O Bb4 9. Qe2 O-O 10. e4 Bh7 11. Bd3 Nbd7 12. Rd1 Qa5 13. Bf4 Rfe8 14. h3 Rad8 15. Nd2 Nb6 16. Nb5 cxb5 17. axb5 Ba3 18. Rxa3 Qb4 19. Nf3 Rc8 20. Bd2 Qe7 21. Rxa7 1-0

[Event "Quebec-ch qual 1"]
[Site "Montreal CAN"]
[Date "2004.04.30"]
[Round "1"]
[White "Mathews, Theo"]
[Black "Landry, Sylvain"]
[Result "0-1"]
[WhiteElo "1641"]
[BlackElo "2092"]
[PlyCount "78"]
[GameId "2160767911158385"]
[EventDate "2004.04.30"]
[EventType "swiss"]
[EventRounds "5"]
[EventCountry "CAN"]

1. e4 c5 2. Nf3 d6 3. d4 cxd4 4. Nxd4 Nf6 5. Nc3 a6 6. Be2 e5 7. Nf3 h6 8. O-O Be7 9. a4 Nc6 10. Bc4 Bg4 11. Be3 Rc8 12. Be2 Nb4 13. a5 O-O 14. Bb6 Qd7 15. Rc1 Rxc3 16. bxc3 Na2 17. Ra1 Nxc3 18. Qd3 Nfxe4 19. Rfe1 Bf5 20. Qc4 Rc8 21. Qb3 Bf6 22. Bd3 d5 23. Rac1 Bg4 24. Be2 Nd6 25. Bd1 e4 26. Nd4 Bxd1 27. Rcxd1 Nxd1 28. Rxd1 Nc4 29. Ba7 Nxa5 30. Qa2 Nc4 31. Ne2 Qg4 32. Re1 Bg5 33. Ng3 Bd2 34. Rf1 e3 35. fxe3 Bxe3+ 36. Bxe3 Nxe3 37. Re1 Rxc2 38. Qb3 Rxg2+ 39. Kh1 Rxg3 0-1

[Event "Quebec-ch qual 1"]
[Site "Montreal CAN"]
[Date "2004.04.30"]
[Round "1"]
[White "Millette, Sylvain"]
[Black "Zafirov, Stephane"]
[Result "0-1"]
[WhiteElo "1532"]
[BlackElo "2054"]
[PlyCount "56"]
[GameId "2160767911158386"]
[EventDate "2004.04.30"]
[EventType "swiss"]
[EventRounds "5"]
[EventCountry "CAN"]

1. Nf3 g6 2. g3 Bg7 3. Bg2 d6 4. d3 e5 5. e4 f5 6. exf5 Bxf5 7. Nh4 Bc8 8. Nc3 Nf6 9. O-O O-O 10. f4 exf4 11. Bxf4 Nh5 12. Be3 Nc6 13. Rxf8+ Bxf8 14. Bd5+ Kh8 15. Ne4 Ne5 16. Ng5 Be7 17. Qf1 c6 18. Nf7+ Nxf7 19. Bxf7 Bxh4 20. gxh4 Qxh4 21. Be8 Bf5 22. Bf7 Rf8 23. Re1 Rxf7 24. Bh6 Nf6 25. Bf4 Bh3 26. Bg3 Qxg3+ 27. hxg3 Bxf1 28. Rxf1 Kg7 0-1

[Event "Quebec-ch qual 1"]
[Site "Montreal CAN"]
[Date "2004.04.30"]
[Round "1"]
[White "Roy, Guy"]
[Black "Vergara, Pablo"]
[Result "1-0"]
[WhiteElo "2071"]
[BlackElo "1518"]
[PlyCount "103"]
[GameId "2160767911158387"]
[EventDate "2004.04.30"]
[EventType "swiss"]
[EventRounds "5"]
[EventCountry "CAN"]

1. e4 c5 2. Nf3 d6 3. d4 cxd4 4. Nxd4 Nf6 5. Nc3 g6 6. Be2 Bg7 7. Be3 O-O 8. O-O Nc6 9. Qd2 Ng4 10. Bxg4 Bxg4 11. f3 Bd7 12. f4 Nxd4 13. Bxd4 Bc6 14. Bxg7 Kxg7 15. f5 Qb6+ 16. Kh1 Qxb2 17. Rab1 Qa3 18. Rf3 Qc5 19. Rbf1 Qe5 20. Rh3 Rh8 21. Qh6+ Kg8 22. Re3 Qg7 23. Qh4 g5 24. Qh5 h6 25. f6 exf6 26. Ref3 Qg6 27. Qxg6+ fxg6 28. Rxf6 Kg7 29. Rxd6 Rhf8 30. Rfd1 Rf2 31. R6d2 Raf8 32. Kg1 Rxd2 33. Rxd2 Re8 34. Re2 Re5 35. Kf2 g4 36. Ke3 Kf6 37. Rf2+ Ke6 38. Kd4 Rh5 39. Rf8 Ra5 40. g3 h5 41. Rh8 h4 42. Rxh4 Rg5 43. Rh7 Ra5 44. Ne2 Ra4+ 45. c4 Rxa2 46. Nf4+ Kf6 47. e5+ Kf5 48. Rf7+ Kg5 49. Rf6 Be8 50. Rf8 Bd7 51. e6 Bxe6 52. Nxe6+ 1-0

[Event "Quebec-ch qual 1"]
[Site "Montreal CAN"]
[Date "2004.05.01"]
[Round "2"]
[White "Bolduc, Steve"]
[Black "Cloutier, Mathieu"]
[Result "1-0"]
[WhiteElo "2295"]
[BlackElo "1996"]
[PlyCount "111"]
[GameId "2160767911158388"]
[EventDate "2004.04.30"]
[EventType "swiss"]
[EventRounds "5"]
[EventCountry "CAN"]

1. d4 Nf6 2. c4 c5 3. d5 e6 4. Nc3 exd5 5. cxd5 d6 6. e4 g6 7. Bf4 a6 8. Qa4+ Bd7 9. Qc2 b5 10. Be2 Qe7 11. Bf3 Ng4 12. Bxg4 Bxg4 13. h3 Bc8 14. Nf3 Bg7 15. O-O O-O 16. Rfe1 f6 17. a4 b4 18. Nd1 Nd7 19. Ne3 Ne5 20. Nd2 a5 21. Ndc4 Qc7 22. Bh2 Re8 23. f4 Nf7 24. Rad1 Qd8 25. Nf1 Ra7 26. Nfd2 Ba6 27. Nb3 Bxc4 28. Qxc4 Kh8 29. Bg3 Qd7 30. Rc1 Re7 31. Qc2 Qe8 32. Nd2 Qd8 33. Nc4 Nh6 34. Rcd1 Nf7 35. b3 Re8 36. Kh2 Rd7 37. Qd3 Qc7 38. Re3 Bh6 39. Re2 g5 40. fxg5 Bxg5 41. Rf1 Qd8 42. h4 Bh6 43. Qf3 Bg7 44. Qf5 Rde7 45. Bf4 Qd7 46. Qxd7 Rxd7 47. Nxa5 f5 48. Rfe1 Rde7 49. Nc6 Rxe4 50. Rxe4 Rxe4 51. Rxe4 fxe4 52. g4 Ne5 53. Bxe5 Bxe5+ 54. Nxe5 e3 55. Nf3 c4 56. a5 1-0

[Event "Quebec-ch qual 1"]
[Site "Montreal CAN"]
[Date "2004.05.01"]
[Round "2"]
[White "Gauthier, Denis"]
[Black "Masse, Hugues"]
[Result "0-1"]
[WhiteElo "2018"]
[BlackElo "2253"]
[PlyCount "62"]
[GameId "2160767911158389"]
[EventDate "2004.04.30"]
[EventType "swiss"]
[EventRounds "5"]
[EventCountry "CAN"]

1. d4 Nf6 2. c4 g6 3. Nc3 d5 4. Nf3 Bg7 5. Bf4 O-O 6. e3 c5 7. dxc5 Qa5 8. Rc1 dxc4 9. Bxc4 Qxc5 10. Bb3 Nc6 11. O-O Qa5 12. h3 Bf5 13. Qe2 e5 14. Bg5 Rfe8 15. e4 Nd4 16. Nxd4 exd4 17. Qc4 Be6 18. Nd5 Nxe4 19. Bf4 Rac8 20. Bc7 b6 21. Qc6 Nd2 22. Bxb6 axb6 23. Qd6 Bxd5 24. Bxd5 Nxf1 25. Qd7 Qxd5 26. Qxd5 Rxc1 27. Qd7 Ng3+ 28. Kh2 Nf1+ 29. Kg1 Rec8 30. g4 Ne3+ 31. Kh2 Be5+ 0-1

[Event "Quebec-ch qual 1"]
[Site "Montreal CAN"]
[Date "2004.05.01"]
[Round "2"]
[White "Landry, Sylvain"]
[Black "Matteau, Pierre"]
[Result "1-0"]
[WhiteElo "2092"]
[BlackElo "1867"]
[PlyCount "80"]
[GameId "2160767911158390"]
[EventDate "2004.04.30"]
[EventType "swiss"]
[EventRounds "5"]
[EventCountry "CAN"]

1. e4 a6 2. d4 b5 3. Nf3 Bb7 4. Bd3 Nf6 5. Nbd2 e6 6. O-O Be7 7. Re1 d6 8. c3 c5 9. b3 O-O 10. Bb2 Nbd7 11. Qe2 Re8 12. Rad1 cxd4 13. cxd4 Nb6 14. Bb1 d5 15. e5 Ne4 16. Nxe4 dxe4 17. Bxe4 Bxe4 18. Qxe4 Nd5 19. Rc1 Qa5 20. a3 Rec8 21. b4 Qb6 22. h4 a5 23. bxa5 Qxa5 24. g3 h6 25. g4 Rc4 26. g5 hxg5 27. hxg5 Bxa3 28. Rxc4 bxc4 29. Bxa3 Qxa3 30. g6 Qe7 31. Qg4 Kf8 32. Ng5 fxg6 33. Nxe6+ Kf7 34. Ng5+ Ke8 35. Ne4 Kd8 36. Rc1 Qa3 37. Rxc4 Qd3 38. Rc6 Ne7 39. Rd6+ Ke8 40. Qd7+ Kf8 1-0

[Event "Quebec-ch qual 1"]
[Site "Montreal CAN"]
[Date "2004.05.01"]
[Round "2"]
[White "Ramaswamy, Kishor"]
[Black "Rainton, Jean-Pierre"]
[Result "1-0"]
[WhiteElo "2087"]
[BlackElo "1548"]
[PlyCount "36"]
[GameId "2160767911158391"]
[EventDate "2004.04.30"]
[EventType "swiss"]
[EventRounds "5"]
[EventCountry "CAN"]

1. d4 Nf6 2. Nf3 c5 3. c3 cxd4 4. cxd4 g6 5. Nc3 Bg7 6. Bf4 O-O 7. e3 d6 8. Bd3 Bg4 9. h3 Bxf3 10. Qxf3 Nc6 11. Bh2 e5 12. d5 Nb4 13. Bb1 Rc8 14. O-O Qa5 15. e4 Nd7 16. a3 Nb6 17. Qe2 Na6 18. Bd3 Nc7 1-0

[Event "Quebec-ch qual 1"]
[Site "Montreal CAN"]
[Date "2004.05.01"]
[Round "2"]
[White "Rodriguez, Aaron"]
[Black "Anastasovski, Nikola"]
[Result "0-1"]
[WhiteElo "1805"]
[BlackElo "2051"]
[PlyCount "64"]
[GameId "2160767911158392"]
[EventDate "2004.04.30"]
[EventType "swiss"]
[EventRounds "5"]
[EventCountry "CAN"]

1. c4 c5 2. g3 Nc6 3. Bg2 e5 4. Nc3 g6 5. d3 Bg7 6. e3 Nge7 7. Nge2 d6 8. O-O Be6 9. Rb1 Qd7 10. a3 Rc8 11. b4 b6 12. b5 Nd8 13. Qc2 Bh3 14. f4 h5 15. fxe5 dxe5 16. Ne4 Bxg2 17. Kxg2 h4 18. gxh4 Rxh4 19. N2g3 Ne6 20. Qe2 f5 21. Nd2 Rd8 22. Nf3 Rh7 23. Rb3 g5 24. Bb2 f4 25. Ne4 g4 26. Nfg5 Nxg5 27. Nxg5 f3+ 28. Nxf3 gxf3+ 29. Qxf3 Qe6 30. e4 Kd7 31. Bc1 Rdh8 32. Kf2 Rf8 0-1

[Event "Quebec-ch qual 1"]
[Site "Montreal CAN"]
[Date "2004.05.01"]
[Round "2"]
[White "Rodriguez, Herver"]
[Black "Roy, Guy"]
[Result "0-1"]
[WhiteElo "1852"]
[BlackElo "2071"]
[PlyCount "74"]
[GameId "2160767911158393"]
[EventDate "2004.04.30"]
[EventType "swiss"]
[EventRounds "5"]
[EventCountry "CAN"]

1. e4 d5 2. exd5 Nf6 3. Nc3 Nxd5 4. Bc4 c6 5. Qf3 e6 6. Nge2 Nd7 7. d4 Be7 8. Qg4 Nxc3 9. Nxc3 Nf6 10. Qf4 b5 11. Bd3 Bb7 12. O-O b4 13. Ne2 O-O 14. Qh4 g6 15. Bh6 Nh5 16. Qe4 Re8 17. Rad1 Bf6 18. g4 Ng7 19. f4 Rb8 20. Bc4 c5 21. Qe3 cxd4 22. Qh3 Rc8 23. Bb3 Qb6 24. Rd3 Be4 25. g5 Bxd3 26. cxd3 Be7 27. Bxg7 Kxg7 28. Qh6+ Kg8 29. Rf3 Bf8 30. Qh4 Rc5 31. Rh3 h5 32. Ng3 Bg7 33. Nxh5 gxh5 34. Qxh5 Qc7 35. Qh7+ Kf8 36. Rh6 Rc1+ 37. Kg2 Qxf4 0-1

[Event "Quebec-ch qual 1"]
[Site "Montreal CAN"]
[Date "2004.05.01"]
[Round "2"]
[White "Solar, Dariusz"]
[Black "Fillion, Steve"]
[Result "0-1"]
[WhiteElo "1873"]
[BlackElo "2104"]
[PlyCount "118"]
[GameId "2160767911158394"]
[EventDate "2004.04.30"]
[EventType "swiss"]
[EventRounds "5"]
[EventCountry "CAN"]

1. e4 e6 2. d4 d5 3. exd5 exd5 4. Nf3 Nf6 5. Bd3 Be7 6. O-O O-O 7. Re1 Bg4 8. Bg5 Nbd7 9. Nbd2 Re8 10. c3 c5 11. dxc5 Bxc5 12. Qb3 Bb6 13. Rxe8+ Qxe8 14. Re1 Qf8 15. Nd4 Re8 16. Rxe8 Qxe8 17. Be3 Nc5 18. Qc2 Nxd3 19. Qxd3 Qa4 20. Qb1 Bh5 21. a3 Bg6 22. Qe1 h6 23. h3 Qe8 24. N2f3 Ne4 25. Qe2 Nc5 26. Ne1 Qe4 27. Qd1 Nd7 28. Qc2 Qe7 29. Qd2 Ne5 30. Qc1 Nc4 31. Ndc2 Nxe3 32. Nxe3 Qe4 33. Qd2 d4 34. cxd4 Bxd4 35. Qc1 f5 36. Nf3 Bf6 37. Qc4+ Kh7 38. b4 f4 39. Qxe4 Bxe4 40. Nc4 b5 41. Nd6 Bd3 42. Ne1 Be2 43. Nc2 Be5 44. Nf7 Bc7 45. Nd4 Bc4 46. Nc6 Bxf7 47. Nxa7 Be8 48. Kf1 Bd7 49. Ke2 Bb6 50. Nxb5 Bxb5+ 51. Kf3 g5 52. g3 Bc6+ 53. Kg4 f3 54. a4 Bxf2 55. b5 Ba8 56. a5 Bg1 57. b6 Kg6 58. h4 h5+ 59. Kh3 g4# 0-1

[Event "Quebec-ch qual 1"]
[Site "Montreal CAN"]
[Date "2004.05.01"]
[Round "2"]
[White "Sullivan, Neil"]
[Black "Bouchard, Jean-Marc"]
[Result "1/2-1/2"]
[WhiteElo "2191"]
[BlackElo "1916"]
[PlyCount "121"]
[GameId "2160767911158395"]
[EventDate "2004.04.30"]
[EventType "swiss"]
[EventRounds "5"]
[EventCountry "CAN"]

1. e4 e6 2. d3 g6 3. Nf3 Bg7 4. g3 e5 5. Bg2 Nc6 6. O-O d6 7. Be3 Nge7 8. Qd2 O-O 9. Bh6 f5 10. Bxg7 Kxg7 11. Nc3 fxe4 12. dxe4 Bg4 13. Ne1 Qd7 14. Nd5 Nxd5 15. exd5 Nd4 16. f3 Bh3 17. c3 Bxg2 18. Kxg2 Nf5 19. Nc2 Rae8 20. Rae1 c5 21. dxc6 bxc6 22. f4 exf4 23. Rxf4 c5 24. Kg1 Rxe1+ 25. Qxe1 Qb5 26. Rf2 Re8 27. Qd2 Qc4 28. b3 Qe4 29. Rf1 Qg4 30. Rf4 Qe2 31. Qxe2 Rxe2 32. Rf2 Re5 33. Rd2 d5 34. Kf2 Kf6 35. Ne1 Nd6 36. Rc2 Ne4+ 37. Kf1 h5 38. Nf3 Rf5 39. Kg2 g5 40. b4 g4 41. Nh4 Re5 42. bxc5 Nxc5 43. Rf2+ Ke6 44. Ng6 Re3 45. Rd2 Rxc3 46. Nf4+ Ke5 47. Rxd5+ Ke4 48. Rd2 Nd3 49. Re2+ Kf5 50. Nxh5 Nc1 51. Rf2+ Kg5 52. Nf6 Ra3 53. h4+ gxh3+ 54. Kxh3 Rxa2 55. Ne4+ Kg6 56. Rf6+ Kg7 57. Rc6 Nd3 58. Nc3 Ra1 59. Kh4 Ne5 60. Re6 Nf7 61. Re2 1/2-1/2

[Event "Quebec-ch qual 1"]
[Site "Montreal CAN"]
[Date "2004.05.01"]
[Round "2"]
[White "Zafirov, Stephane"]
[Black "Delisle, Louis-Martin"]
[Result "1-0"]
[WhiteElo "2054"]
[BlackElo "1731"]
[PlyCount "55"]
[GameId "2160767911158396"]
[EventDate "2004.04.30"]
[EventType "swiss"]
[EventRounds "5"]
[EventCountry "CAN"]

1. e4 Nc6 2. Nf3 e5 3. Bc4 Nf6 4. Ng5 d5 5. exd5 Nxd5 6. d4 Bb4+ 7. c3 Be7 8. Nxf7 Kxf7 9. Qf3+ Ke6 10. Qe4 b5 11. Bb3 Bb7 12. Bf4 Na5 13. Bxe5 Kf7 14. Bxc7 Qxc7 15. Bxd5+ Bxd5 16. Qxd5+ Kg6 17. g4 Qf4 18. Qh5+ Kf6 19. Nd2 Bd6 20. g5+ Qxg5 21. Ne4+ Kf5 22. Qxg5+ Kxe4 23. f3+ Kd3 24. Qd2+ Kc4 25. Qe2+ Kd5 26. Qe4+ Kc4 27. Qe6+ Kd3 28. Qe2# 1-0

[Event "Quebec-ch qual 1"]
[Site "Montreal CAN"]
[Date "2004.05.01"]
[Round "3"]
[White "Anastasovski, Nikola"]
[Black "Sullivan, Neil"]
[Result "1/2-1/2"]
[WhiteElo "2225"]
[BlackElo "2092"]
[PlyCount "57"]
[GameId "2160767911158398"]
[EventDate "2004.04.30"]
[EventType "swiss"]
[EventRounds "5"]
[EventCountry "CAN"]
[SourceTitle "EXT 2005"]
[Source "ChessBase"]
[SourceDate "2004.11.15"]
[SourceVersion "1"]
[SourceVersionDate "2004.11.15"]
[SourceQuality "1"]

1. e4 c5 2. c4 Nc6 3. Nc3 g6 4. g3 Bg7 5. Bg2 d6 6. d3 Nf6 7. h3 a6 8. Be3 Rb8 9. Qd2 b5 10. Rc1 O-O 11. b3 Re8 12. Nge2 Nd7 13. Bh6 Bh8 14. h4 Qa5 15. h5 Nd4 16. hxg6 hxg6 17. Be3 Nxe2 18. Rxh8+ Kxh8 19. Kxe2 Kg7 20. Bh6+ Kg8 21. Rh1 Bb7 22. Bg7 Kxg7 23. Qh6+ Kf6 24. Qf4+ Kg7 25. Qh6+ Kf6 26. Nd5+ Bxd5 27. Qf4+ Kg7 28. Qh6+ Kf6 29. Qf4+ 1/2-1/2

[Event "Quebec-ch qual 1"]
[Site "Montreal CAN"]
[Date "2004.05.01"]
[Round "3"]
[White "Bouchard, Alexandre"]
[Black "Ramaswamy, Kishor"]
[Result "0-1"]
[WhiteElo "1406"]
[BlackElo "2087"]
[PlyCount "46"]
[GameId "2160767911158399"]
[EventDate "2004.04.30"]
[EventType "swiss"]
[EventRounds "5"]
[EventCountry "CAN"]

1. e4 c6 2. d4 d5 3. e5 c5 4. Nf3 Nc6 5. c3 Bg4 6. Be2 e6 7. a3 Nge7 8. b4 Bxf3 9. Bxf3 cxd4 10. cxd4 Nf5 11. Be3 Qb6 12. Nc3 Ncxd4 13. Nxd5 exd5 14. Bxd5 O-O-O 15. Bxf7 Nxe3 16. fxe3 Bxb4+ 17. axb4 Qxb4+ 18. Kf2 Qb2+ 19. Kf1 Nc2 20. Qg4+ Kb8 21. Kf2 Nxa1+ 22. Kf3 Qxe5 23. Rf1 Rc8 0-1

[Event "Quebec-ch qual 1"]
[Site "Montreal CAN"]
[Date "2004.05.01"]
[Round "3"]
[White "Cloutier, Mathieu"]
[Black "Rondon, Luciano"]
[Result "1/2-1/2"]
[WhiteElo "1996"]
[BlackElo "1722"]
[PlyCount "84"]
[GameId "2160767911158400"]
[EventDate "2004.04.30"]
[EventType "swiss"]
[EventRounds "5"]
[EventCountry "CAN"]

1. e4 c5 2. Nf3 e6 3. d4 cxd4 4. Nxd4 Nf6 5. Nc3 Nc6 6. Be3 Bb4 7. Nxc6 bxc6 8. Bd2 e5 9. Bd3 d5 10. exd5 cxd5 11. O-O O-O 12. Nxd5 Nxd5 13. Be4 Rb8 14. c3 Be7 15. Qh5 f5 16. Bxd5+ Qxd5 17. Rad1 Qf7 18. Qe2 Rxb2 19. Qxe5 Bf6 20. Qc5 Re8 21. Bf4 Ba6 22. Rfe1 Rbe2 23. Rxe2 Bxe2 24. Re1 Bd3 25. Rxe8+ Qxe8 26. Qd5+ Kh8 27. Qxd3 Qe1+ 28. Qf1 Qxc3 29. Qc1 Kg8 30. Qxc3 Bxc3 31. Kf1 Kf7 32. Ke2 Ke6 33. Be3 a6 34. Kd3 Ba5 35. Kc4 Kd6 36. a4 Kc6 37. Bc5 Be1 38. f3 Ba5 39. Bf8 g6 40. Kd4 Bc7 41. h3 Bg3 42. Bh6 Be1 1/2-1/2

[Event "Quebec-ch qual 1"]
[Site "Montreal CAN"]
[Date "2004.05.01"]
[Round "3"]
[White "Delisle, Louis-Martin"]
[Black "Gauthier, Denis"]
[Result "1-0"]
[WhiteElo "1731"]
[BlackElo "2018"]
[PlyCount "77"]
[GameId "2160767911158401"]
[EventDate "2004.04.30"]
[EventType "swiss"]
[EventRounds "5"]
[EventCountry "CAN"]

1. d4 Nf6 2. Bg5 Ne4 3. h4 d5 4. e3 c6 5. Nd2 Nxg5 6. hxg5 Bf5 7. g4 Bg6 8. f4 e6 9. Ngf3 Nd7 10. Nh4 Bd6 11. Nxg6 fxg6 12. Bd3 Nf8 13. c3 Qa5 14. b4 Qc7 15. a4 O-O-O 16. Qb3 Nd7 17. c4 h6 18. gxh6 gxh6 19. c5 Be7 20. b5 g5 21. bxc6 Qxc6 22. Bb5 Qc7 23. c6 Nf6 24. cxb7+ Kb8 25. O-O Qa5 26. Nf3 Ne4 27. Rac1 Bd6 28. Rc2 gxf4 29. Rfc1 Rhf8 30. Bd7 Qb6 31. Qxb6 axb6 32. Bxe6 fxe3 33. Ne5 Bxe5 34. dxe5 Nc5 35. Bc8 Nxb7 36. Bxb7 Kxb7 37. Rc7+ Kb8 38. e6 Rc8 39. e7 1-0

[Event "Quebec-ch qual 1"]
[Site "Montreal CAN"]
[Date "2004.05.01"]
[Round "3"]
[White "Fillion, Steve"]
[Black "Zafirov, Stephane"]
[Result "1-0"]
[WhiteElo "2104"]
[BlackElo "2054"]
[PlyCount "41"]
[GameId "2160767911158403"]
[EventDate "2004.04.30"]
[EventType "swiss"]
[EventRounds "5"]
[EventCountry "CAN"]

1. d4 Nf6 2. c4 g6 3. Nc3 Bg7 4. e4 O-O 5. Nf3 d6 6. h3 Nbd7 7. e5 Ne8 8. e6 fxe6 9. Ng5 Nb6 10. Be3 e5 11. dxe5 Bxe5 12. c5 h6 13. Nf3 Bg7 14. cxb6 axb6 15. Bc4+ Kh7 16. h4 e6 17. Bd3 e5 18. h5 Bf5 19. hxg6+ Bxg6 20. Bxg6+ Kxg6 21. Qd3+ 1-0

[Event "Quebec-ch qual 1"]
[Site "Montreal CAN"]
[Date "2004.05.01"]
[Round "3"]
[White "Julien, Gabi"]
[Black "Solar, Dariusz"]
[Result "1-0"]
[WhiteElo "1720"]
[BlackElo "1873"]
[PlyCount "51"]
[GameId "2160767911158404"]
[EventDate "2004.04.30"]
[EventType "swiss"]
[EventRounds "5"]
[EventCountry "CAN"]

1. e4 e5 2. f4 d5 3. exd5 e4 4. Bc4 Nf6 5. d3 Bc5 6. Nc3 exd3 7. Qxd3 O-O 8. h3 Re8+ 9. Nge2 c6 10. Bd2 cxd5 11. Bb5 Nc6 12. O-O-O a6 13. Ba4 Nb4 14. Qf3 b5 15. Bb3 Qb6 16. a3 Nc6 17. Nxd5 Nxd5 18. Bxd5 Bb7 19. Ng3 Nd4 20. Qh5 g6 21. Bxf7+ Kxf7 22. Qxh7+ Kf6 23. f5 Nxf5 24. Nxf5 gxf5 25. Bc3+ Ke6 26. Qg6+ 1-0

[Event "Quebec-ch qual 1"]
[Site "Montreal CAN"]
[Date "2004.05.01"]
[Round "3"]
[White "Masse, Hugues"]
[Black "Landry, Sylvain"]
[Result "1/2-1/2"]
[WhiteElo "2253"]
[BlackElo "2092"]
[PlyCount "100"]
[GameId "2160767911158405"]
[EventDate "2004.04.30"]
[EventType "swiss"]
[EventRounds "5"]
[EventCountry "CAN"]

1. d4 d5 2. c4 c6 3. Nf3 Nf6 4. Nc3 dxc4 5. a4 Bf5 6. e3 e6 7. Bxc4 Bb4 8. O-O O-O 9. Qe2 Nbd7 10. e4 Bg6 11. Bd3 Bh5 12. e5 Nd5 13. Ne4 c5 14. Ng3 Bxf3 15. Qxf3 cxd4 16. Qe4 g6 17. Qxd4 Qb6 18. Qxb6 axb6 19. f4 Nc5 20. Bc4 Rfd8 21. Rd1 Rac8 22. b3 Nc3 23. Rxd8+ Rxd8 24. Be3 Rd7 25. Kf1 Kg7 26. Ne2 N3e4 27. g3 Nd2+ 28. Kg2 Nxc4 29. bxc4 Rd3 30. Bg1 Rd2 31. Kf1 Rc2 32. Rc1 Rxc1+ 33. Nxc1 Nxa4 34. Nd3 Ba3 35. Be3 Nc5 36. Nf2 Kf8 37. Bxc5+ Bxc5 38. Ne4 h5 39. Ke2 Ke7 40. h3 Kd7 41. Ng5 Ke8 42. Kd3 Be7 43. Nf3 Kd7 44. Nd4 Bc5 45. Nb5 Be7 46. Nd4 f5 47. exf6 Bxf6 48. Nf3 Kd6 49. g4 hxg4 50. hxg4 Ke7 1/2-1/2

[Event "Quebec-ch qual 1"]
[Site "Montreal CAN"]
[Date "2004.05.01"]
[Round "3"]
[White "Roy, Guy"]
[Black "Bolduc, Steve"]
[Result "0-1"]
[WhiteElo "2071"]
[BlackElo "2295"]
[PlyCount "62"]
[GameId "2160767911158406"]
[EventDate "2004.04.30"]
[EventType "swiss"]
[EventRounds "5"]
[EventCountry "CAN"]

1. b4 d5 2. Bb2 Nf6 3. e3 Bf5 4. Nf3 e6 5. a3 Bd6 6. c4 c6 7. c5 Bc7 8. d3 Nbd7 9. Nbd2 e5 10. Be2 h6 11. Rc1 Qe7 12. Qc2 Bh7 13. e4 O-O 14. O-O g5 15. Ne1 Bg6 16. f3 Rfe8 17. Nb3 Nf8 18. g3 Rac8 19. Ng2 Ne6 20. Rce1 b6 21. Bd1 dxe4 22. fxe4 bxc5 23. bxc5 Nd7 24. Bg4 Rb8 25. d4 exd4 26. Bxe6 Qxe6 27. Nxd4 Qa2 28. Rf2 Be5 29. Qc1 Rxb2 30. Rxb2 Bxd4+ 31. Ne3 Qxb2 0-1

[Event "Quebec-ch qual 1"]
[Site "Montreal CAN"]
[Date "2004.05.02"]
[Round "4"]
[White "Bolduc, Steve"]
[Black "Fillion, Steve"]
[Result "1-0"]
[WhiteElo "2259"]
[BlackElo "2169"]
[PlyCount "137"]
[GameId "2160767911158407"]
[EventDate "2004.04.30"]
[EventType "swiss"]
[EventRounds "5"]
[EventCountry "CAN"]
[SourceTitle "EXT 2005"]
[Source "ChessBase"]
[SourceDate "2004.11.15"]
[SourceVersion "1"]
[SourceVersionDate "2004.11.15"]
[SourceQuality "1"]

1. d4 e6 2. c4 d5 3. Nf3 Nf6 4. Bg5 Nbd7 5. e3 c6 6. Bd3 Qa5+ 7. Nbd2 Ne4 8. Bf4 f5 9. a3 Be7 10. h4 O-O 11. Qc2 Ndf6 12. Ke2 Bd7 13. Ne5 Qxd2+ 14. Qxd2 Nxd2 15. Kxd2 Rad8 16. c5 Be8 17. b4 Nd7 18. f3 Nxe5 19. Bxe5 Bd7 20. h5 Bf6 21. Bd6 Rfe8 22. f4 Be7 23. Bc7 Rc8 24. Be5 Bf6 25. g4 Bxe5 26. dxe5 fxg4 27. Rhg1 Rf8 28. Rxg4 Rce8 29. h6 g6 30. Kc3 Kf7 31. a4 Rc8 32. Rgg1 Rg8 33. Kd4 a6 34. b5 axb5 35. axb5 Ra8 36. b6 Rxa1 37. Rxa1 Rb8 38. Ra7 Kg8 39. Kc3 Kf7 40. Kd2 Bc8 41. Ke2 Bd7 42. Kf3 Bc8 43. Kg4 Bd7 44. Kg5 Bc8 45. Bf1 Bd7 46. Be2 Bc8 47. Bd3 Bd7 48. e4 dxe4 49. Bxe4 Be8 50. Bf3 Bd7 51. Be2 Bc8 52. Bd3 Bd7 53. Bc4 Ke7 54. Bd3 Kf7 55. Bc2 Be8 56. Bd1 Bd7 57. Bb3 Ke7 58. Bc4 Bc8 59. Bd3 Kf7 60. Bxg6+ hxg6 61. h7 Kg7 62. h8=Q+ Kxh8 63. Kf6 Bd7 64. Ke7 Be8 65. Kd6 Rd8+ 66. Kc7 Rd7+ 67. Kc8 Rd5 68. Rxb7 Rxc5 69. Re7 1-0

[Event "Quebec-ch qual 1"]
[Site "Montreal CAN"]
[Date "2004.05.02"]
[Round "4"]
[White "Bouchard, Jean-Marc"]
[Black "Roy, Guy"]
[Result "1/2-1/2"]
[WhiteElo "1916"]
[BlackElo "2071"]
[PlyCount "112"]
[GameId "2160767911158408"]
[EventDate "2004.04.30"]
[EventType "swiss"]
[EventRounds "5"]
[EventCountry "CAN"]

1. b3 d5 2. Bb2 c5 3. e3 Nc6 4. f4 Nf6 5. Nf3 Bg4 6. h3 Bxf3 7. Qxf3 e6 8. a3 Ne4 9. g3 Be7 10. Rg1 Bf6 11. Ra2 Bxb2 12. Rxb2 Qf6 13. c3 Rd8 14. Rc2 a6 15. d3 Nd6 16. Nd2 O-O 17. Kf2 Nf5 18. g4 Nh4 19. Qg3 Ng6 20. g5 Qe7 21. h4 d4 22. Ne4 dxe3+ 23. Qxe3 Rd5 24. Qg3 Rf5 25. h5 Nxf4 26. Ke1 Ne5 27. h6 g6 28. Rf2 Nh5 29. Qh3 Rxf2 30. Nxf2 f6 31. Qe3 Nf7 32. Be2 Nxg5 33. Bxh5 gxh5 34. Ne4 Kh8 35. Nxg5 fxg5 36. Qe5+ Qf6 37. Rxg5 Qxe5+ 38. Rxe5 Rf5 39. Rxe6 Kg8 40. Re7 h4 41. Rxb7 h3 42. Rg7+ Kf8 43. Rg1 h2 44. Rh1 Rh5 45. b4 cxb4 46. axb4 Rxh6 47. Ke2 Ke7 48. c4 Kd6 49. Ke3 Ke5 50. d4+ Kf5 51. b5 axb5 52. cxb5 Rh3+ 53. Kf2 Rb3 54. Rxh2 Rb2+ 55. Kg3 Rb3+ 56. Kf2 Ke4 1/2-1/2